Možnosti uplatnenia integračného fondu pri formovaní akosti surovín pre potravinársky priemysel SSR SPEV 903 529 308-06/06

Guardado en:
Detalles Bibliográficos
Autor principal: Hoppej, Ladislav
Formato: Libro
Lenguaje:eslovaco
Publicado: Bratislava Výskumný ústav ekonomiky poľnohospodárstva a potravinárstva 1984
Etiquetas: Agregar Etiqueta
Sin Etiquetas, Sea el primero en etiquetar este registro!

MARC

LEADER 00000nam a2200000 4500
001 c107473
005 20221128070441.2
041 0 |a slo 
044 |a SK 
245 1 0 |a Možnosti uplatnenia integračného fondu pri formovaní akosti surovín pre potravinársky priemysel SSR  |b SPEV 903 529 308-06/06  |c Ladislav Hoppej 
264 1 |a Bratislava  |b Výskumný ústav ekonomiky poľnohospodárstva a potravinárstva  |c 1984 
300 |a 30 s. 
100 1 |a Hoppej, Ladislav